MDQL
is popping MORE tags! Check the
thread
!
Quizzes
Events
Quiz Creation
Community
Videos
Private Events
Remove Ads
Sign In
Join for FREE
Feedback
Dark Mode
Quiz Categories
Sports
Geography
Music
Movies
Television
Just For Fun
Miscellaneous
History
Literature
Language
Science
Gaming
Entertainment
Religion
Holiday
For Kids
Quiz Lab
Recent
Popular Today
Quiz Kudos Today
Editor Picks
Curator Picks
Quizzes by...
Day
Popularity
Type
Ratings
Length
Year
Community
Subscriptions
Recent Discussions
Orange Saloon
Badges
Playlists
Quests
Create
Leaderboards
Showdown
Live 5
Trivia Bingo
Activity
Puzzle Library
Sporcle Events
Private Events
Virtual Trivia
Globe League
Become a Host
Pub Owners
SporcleCon
Opinionation
Our Games
Videos
Blog
Mobile Apps
Partnerships
Remove Ads and Go Orange
Feedback
Entertainment
Celebrity
Famous
Musical
Broadway
Show
Quote
Comic Books
Anime
Superhero
DC Comics
Marvel
Cartoons
Animation
Entertainment
Celebrity
Famous
Musical
Broadway
Show
Quote
Comic Books
Anime
Superhero
DC Comics
Marvel
Cartoons
Animation
Random Quiz
Search Sporcle
×
Quiz Lab
Quiz Lab
Entertainment
DC Comics
Type answers based on single images at one time
Type answers based on single images at one time
Slideshow
Best Score? Go Orange.
Batman: Arkham City Character Slideshow Stats
Can you name the Batman: Arkham City Character Slideshow?
By
IAMOLIVERQUEEN
7m
32 Questions
586 Plays
586 Plays
586 Plays
Comments
Comments
Give Quiz Kudos
Give Quiz Kudos
-
- Ratings
hide this ad
Replay
Link that replays current quiz
Next Quiz
Link to next quiz in quiz playlist
You Got
0%
They Got
Avg Score
78%
Avg Friend Score
Upgrade to see
Score Distribution
Jump to the score distribution portion of the page
Score
0/32
Timer
07:00
0
Plays Today
% Correct
Batman
94%
Alfred
91.8%
Robin
90.6%
The Penguin
87.9%
The Joker
87.4%
Two-Face
86.3%
Catwoman
86%
Commissioner Gordon
85.3%
The Riddler
85.2%
Mad Hatter
85%
Bane
84.8%
Hugo Strange
84.6%
Clayface
84.6%
Oracle
84.3%
Poison Ivy
84.1%
Deadshot
84%
% Correct
Killer Croc
83.3%
Black Mask
81.9%
Hush
79.9%
Zsasz
78.5%
Harley Quinn
76.3%
Ra's al Ghul
76.1%
Talia al Ghul
75.3%
Calendar Man
73.9%
Solomon Grundy
72.7%
Azrael
72%
Vicki Vale
67.1%
Nora Fries
65.5%
Bruce Wayne
57.3%
Mayor Sharp
56.7%
Mr. Freeze
55.5%
Jack Ryder
54.3%
Quiz Playlist
Details
Report
Send in Message
Add To Playlist
Slideshow:
Type answers based on single images at one time
Last Updated: Jun 29, 2017
Quiz Scoreboard
CHALLENGE
Sign Up to Join the Scoreboard
Show All
Scores
Hide
Comments
May contain spoilers
Recently Published
5x2 Blitz: Bands
by SL_Kpop136
Music
30s
Colored Red Africa Blitz
by spor1
Geography
30s
Find the 'City' Movie
by crazypaving
Movies
60s
More to Explore
Quiz From the Vault
Featured Blog Post
14 Easter Pick-up Lines to Find Eggs With
hide this ad
You Might Also Like...
Tags
DC Comics Quiz
Batman
Batman Characters
Batman Villains
Today's Top Quizzes in Entertainment
Browse Entertainment
hide this ad
Today's Top Quizzes in DC Comics
Browse DC Comics
Top Contributed Quizzes in Entertainment
1
Dragon Ball Z: Goku's Fights in Order
2
Marvel Characters Bunker
3
Marvel Classic Character Map
4
Celebrity Spelling Bee
5
This is Your Life: Edward Elric
6
This is Your Life: Itachi Uchiha
7
Dragon Ball Z: Immortal Characters
8
X-Men: 10 to 1
9
Fairy Tail 12-1
10
Finish The Line - Starship (Starkid)
Explore More
Trending Topics
Kpop
Anime
NBA
Marvel
Crossword
Harry Potter
Disney
WWE
Song
Puzzle
Soccer
Pokémon
The Office
Country
NFL
hide this ad
More By:
IAMOLIVERQUEEN
Quiz
Plays
Rating
Category
Featured
Created
MCU: 10 to 1
5,283
4.22
Movies
Oct 24, 2019
Arrowverse: 10 to 1
4,460
4.60
Entertainment
Jan 15, 2020
Avengers Rosters in MCU
3,711
3.58
Entertainment
Dec 22, 2017
DC Teams: First 10 Members
3,447
4.92
Entertainment
Dec 31, 2016
Spider-Man PS4 Characters
3,160
4.50
Gaming
Sep 12, 2018
Go to Creator's Profile
Score Distribution
Quiz Creator Spotlight
IAMOLIVERQUEEN
Follow
Send a Message
Quizzes Created
-
Created Quiz Play Count
-
More By This Creator
Popular Quizzes Today
1
Find the 'City' Movie
2
Colored Red Africa Blitz
3
Find the US States - No Outlines Minefield
4
5x2 Blitz: Bands
5
The Countries of the World
6
Find the US States
7
US States
8
9x9 Crossword: Cartoon Network
More Entertainment Quizzes
Celebrity or Star Wars Character?
Published
Trending Quizzes
Colored Red Europe Blitz I
Colored Red Africa Blitz II
Colored Red Europe Blitz II
Colored Red Africa Blitz III
Colored Red Europe Blitz III
Recently Updated
Famous TV Couples
Peacemaker
Champions League XIs: Real Madrid
pecheneg
Largest US Cities 1790-2010
pecheneg
Rides in Walt Disney World
pecheneg
Most Oscar Losses (Acting)
pecheneg
Beyoncé Albums
pecheneg
Leaping Animals
pecheneg
Reality TV Shows (A-Z)
bhenderson79
Rickey Henderson's Hall of Fame Teammates
pecheneg
Champions League XIs: Arsenal
pecheneg
Trending Topics
Marvel
Crossword
Harry Potter
Anime
NBA
Kpop
Disney
Soccer
WWE
Pokémon
Song
NFL
Country
The Office
Puzzle
Your Account Isn't Verified!
In order to create a playlist on Sporcle, you need to verify the email address you used during registration. Go to your
Sporcle Settings
to finish the process.
Report this User
Report this user for behavior that violates our
Community Guidelines
.
Details:
Send Report
Go to the Sporcle.com Mobile Site →
Comments